Buffalo Bills Head Coaches - Statistics

General Stats
  • This quiz has been taken 69 times
  • The average score is 8 of 22
Answer Stats
Era Hint Answer % Correct
Buffalo Bills 1986-1997 Marv Levy
95%
Buffalo Bills 2017-present Sean McDermott
91%
Buffalo Bills 2015-2016 Rex Ryan
76%
Buffalo Bills 1998-2000 Wade Phillips
58%
Buffalo Bills 2013-2014 Doug Marrone
51%
Buffalo Bills 1962-1965 Lou Saban
45%
Buffalo Bills 1972-1976 Lou Saban
45%
Buffalo Bills 2010-2012 Chan Gailey
40%
Buffalo Bills 2006-2009 Dick Jauron
40%
Buffalo Bills 1978-1982 Chuck Knox
38%
Buffalo Bills 2001-2003 Gregg Williams
33%
Buffalo Bills 2016* Anthony Lynn
31%
Buffalo Bills 1968* Harvey Johnson
29%
Buffalo Bills 1971 Harvey Johnson
29%
Buffalo Bills 2004-2005 Mike Mularkey
27%
Buffalo Bills 1983-1985 Kay Stephenson
18%
Buffalo Bills 2009* Perry Fewell
18%
Buffalo Bills 1960-1961 Buster Ramsey
15%
Buffalo Bills 1985-1986 Hank Bullough
15%
Buffalo Bills 1976-1977 Jim Ringo
15%
Buffalo Bills 1966-1968 Joe Collier
15%
Buffalo Bills 1969-1970 John Rauch
11%
No matching quizzes found
Score Distribution
Percent of People with Each Score
Percentile by Number Answered
Your Score History
You have not taken this quiz